00395nam a2200157Ia 4500003000500000008004100005020001800046040001900064082000700083100002000090245006300110260003400173300001000207365000800217546001200225STCL230729s9999 xx 000 0 und d a9780745600949 aSTCLcSTCLbEN 222 aDominelli, Lena 0aSocial work: theory and practice for a changing profession bPolity PressaCambridgec2005 a307 p b795 aEnglish